000 00497nmm a2200157Ia 4500
008 251105s9999||||xx |||||||||||||||||und||
020 _a9788490645802
041 _aspa
100 _aSolé Blanch, Jordi
245 0 _aImaginarios de la juventud :
_b Un recorrido histórico y cultural
264 _a[Madrid, España] :
_bUniversitat Oberta de Catalunya,
_c2015
300 _a218 páginas
650 _aCultural Studies
856 _uhttps://public.digitaliapublishing.com/a/37976
942 _cCF
999 _c87730
_d87730